| 000 | 01137nam a2200277 i 4500 | ||
|---|---|---|---|
| 003 | CSPC | ||
| 005 | 20250310135950.0 | ||
| 008 | 250310s2022 flu 000 0 eng d | ||
| 020 | _a9781032228693 | ||
| 040 |
_cCSPC _aCSPC _beng _erda |
||
| 050 | 0 | 4 |
_aTK7868.P8 _b .L357 |
| 082 | 0 | 4 |
_a621.381534 _bL149a _223 |
| 100 | 1 |
_aLakshmaiah, Dayaydi, _eauthor. |
|
| 245 | 1 | 0 |
_aAnalog and pulse circuits / _cDayaydi Lakshmaiah, C.B. Ramarao, and K. Kishan Rao. |
| 264 | 1 |
_aAbingdon, Oxon ; _aBoca Raton, FL : _bCRC Press, _c2022. |
|
| 300 |
_axii, 164 pages : _billustrations ; _c25 cm. |
||
| 336 |
_atext _2rdacontent |
||
| 337 |
_aunmediated _2rdamedia |
||
| 338 |
_avolume _2rdacarrier |
||
| 505 | 0 | _aLinear wave shaping -- Non linear wave shaping -- Switching characteristics of devices -- Multi-vibrator -- Time base generator -- Logic gates -- Sampling gates. | |
| 650 | 0 | _aPulse circuits. | |
| 700 | 1 |
_aRamarao, C.B., _eauthor. |
|
| 700 | 1 |
_aRao, K. Kishan, _eauthor. |
|
| 942 |
_2ddc _n0 _cBK _h621.381534 _iL149a _kENG _m2022 _e23 |
||
| 999 |
_c29073 _d29073 |
||